Technical handbook for the paddy rice postharvest industry in developing countries
Đã lưu trong:
| Hovedforfatter: | |
|---|---|
| Format: | Bog |
| Sprog: | Undetermined |
| Udgivet: |
Philippines
1983,IRRI
|
| Fag: | |
| Tags: |
Tilføj Tag
Ingen Tags, Vær først til at tagge denne postø!
|
| Thư viện lưu trữ: | Trung tâm Học liệu Trường Đại học Cần Thơ |
|---|
| LEADER | 00525nam a2200169Ia 4500 | ||
|---|---|---|---|
| 001 | CTU_38671 | ||
| 008 | 210402s9999 xx 000 0 und d | ||
| 082 | |a 633.186 | ||
| 082 | |b W757 | ||
| 100 | |a James E Wimberly | ||
| 245 | 0 | |a Technical handbook for the paddy rice postharvest industry in developing countries | |
| 245 | 0 | |c James E Wimberly, IRRI | |
| 260 | |a Philippines | ||
| 260 | |b 1983,IRRI | ||
| 650 | |a rice,rice seed industry | ||
| 904 | |i Liên, 990811 | ||
| 980 | |a Trung tâm Học liệu Trường Đại học Cần Thơ | ||